000 00694nam a2200229 i 4500
001 75255
003 BD-RjUL
005 20211209082650.0
008 190207s1965 n a|||| i||| 001 0 eng d
035 _a(BD-RjUL)75473
040 _aBD-RjUL
_beng
_cBD-RjUL
041 _aeng
082 _223
_a621.38412
_bSKD 1965
100 1 _aSkwirzynski, Josef Kasimierz
_9227897
245 1 0 _aDesign Theory and Data for Electrical Filters./
_cJosef Kasimierz SKWIRZYNSKI
264 _aLondon :
_bD. Van Nostrad co. ,
_cc1965
300 _axxviii. 701 Pages :
_bIlustration ;
_c23 cm
490 _aThe marconi series
500 _aIncludes Index
650 _aElectric filters
_9227898
942 _2ddc
_cBK
999 _c75255
_d75255